Diaspora : An Introduction /

Estudio que presenta un panorama general sobre la migración internacional y el impacto de ésta en los actores sociales involucrados en este proceso de diáspora, donde se analiza las cuestiones laborales, de género, de los queer, del tráfico sexual, del racismo y la resistencia civil.

Uloženo v:
Podrobná bibliografie
Hlavní autor: Braziel, Jana Evans (autor)
Médium: Kniha
Jazyk:angličtina
Vydáno: Malden, EUA : Blackwell, 2008, c2008
Témata:
Tagy: Přidat tag
Žádné tagy, Buďte první, kdo vytvoří štítek k tomuto záznamu!

MARC

LEADER 00000nam^a2200000^a^4500
001 000278120
005 20250521000000.0
009 20260310111354.067
020 |a 978-1-4051-5340-9 
037 |a Acervo ITESO - Biblioteca 
041 |a ING 
082 |a 304. 8  |b BRA 
100 |a Braziel, Jana Evans  |e (autor) 
245 1 0 |a Diaspora :  |b An Introduction /  |c J.E. Braziel. 
264 4 |a Malden, EUA :  |b Blackwell,  |c 2008, c2008 
300 |a VII, 307 p. 
336 |a texto  |b txt  |2 rdacontenido 
337 |a sin mediación  |b n  |2 rdamedio 
338 |a volumen  |b nc  |2 rdasoporte 
520 |a Estudio que presenta un panorama general sobre la migración internacional y el impacto de ésta en los actores sociales involucrados en este proceso de diáspora, donde se analiza las cuestiones laborales, de género, de los queer, del tráfico sexual, del racismo y la resistencia civil. 
649 |a XX 
650 |a Migrantes 
650 |a Trabajadores Indocumentados 
650 |a Refugiados 
650 |a Migración -  |x Tema Principal 
650 |a Tráfico de Personas 
650 |a Prostitución 
650 |a Homosexualidad 
650 |a Discriminación de Género 
650 |a Género 
650 |a Racismo 
650 |a Resistencia Civil 
650 |a Globalización 
650 |a Geografía Económica 
650 |a Geopolítica 
650 |a Sociología 
910 |a Fondo General 
920 |a Impresos - Libros 
930 |a Colección General 
905 |a 101 
901 |a 0500163496  |b IT1  |c ACC  |u 20250521 
902 |a https://opac.biblio.iteso.mx/vufind/Record/000278120